Úloha a riešenie marketingových a logistických otázok pri tvorbe projektov pre čerpanie finančných prostriedkov z fondov Európskej únie a ich následnej implementácii diplomová práca

Saved in:
Bibliographic Details
Main Author: Sabo, Slavomír
Corporate Author: Podnikovohospodárska fakulta EU so sídlom v Košiciach. Katedra marketingu a obchodu
Other Authors: Ručinský, Rastislav
Format: Book
Language:Slovak
Published: Košice 2008
Tags: Add Tag
No Tags, Be the first to tag this record!

MARC

LEADER 00000nam$a2200000$$$4500
001 0079943
005 20240201120607.6
041 0 |a slo 
044 |a SK 
245 1 0 |a Úloha a riešenie marketingových a logistických otázok pri tvorbe projektov pre čerpanie finančných prostriedkov z fondov Európskej únie a ich následnej implementácii  |b diplomová práca  |c Slavomír Sabo ; škol. Rastislav Ručinský 
264 1 |a Košice  |c 2008 
300 |a 83 s. 
100 1 |a Sabo, Slavomír 
700 1 |a Ručinský, Rastislav 
710 2 |a Podnikovohospodárska fakulta EU so sídlom v Košiciach. Katedra marketingu a obchodu